| 000 | 00420nam a22001697a 4500 | ||
|---|---|---|---|
| 003 | NUST - PNEC | ||
| 005 | 20170116181115.0 | ||
| 008 | 151004b xxu||||| |||| 00| 0 eng d | ||
| 020 | _a- | ||
| 040 | _cLIBRARY | ||
| 082 | _a891.412 MOI | ||
| 100 |
_913180 _aQureshi, S.M. Moin |
||
| 245 |
_aCrocodile tears _cS.M. Moin Qureshi |
||
| 260 | _cc.1990 | ||
| 650 |
_913182 _aCrocodile tears _xLiterature |
||
| 942 |
_2ddc _cBK |
||
| 999 |
_c69310 _d69310 |
||